UBT Library

Mounmental Classic Architecture In Great Britain And Ireland (Record no. 53505)

000 -LEADER
fixed length control field 00336nam a22001337a 4500
008 - FIXED-LENGTH DATA ELEMENTS--GENERAL INFORMATION
fixed length control field 181219b xxu||||| |||| 00| 0 eng d
020 ## - INTERNATIONAL STANDARD BOOK NUMBER
International Standard Book Number 039.000532
041 ## - LANGUAGE CODE
Language code of text/sound track or separate title eng
080 ## - UNIVERSAL DECIMAL CLASSIFICATION NUMBER
Universal Decimal Classification number 721
100 ## - Rafti
Rafti 45
101 ## - Shkurtesa
Shkurtesa ark
245 ## - TITLE STATEMENT
Title Mounmental Classic Architecture In Great Britain And Ireland
Statement of responsibility, etc Albert.E.R
942 ## - ADDED ENTRY ELEMENTS (KOHA)
Source of classification or shelving scheme
Item type Books
Holdings
Withdrawn status Lost status Source of classification or shelving scheme Damaged status Not for loan Collection code Permanent location Current location Shelving location Date acquired Total Checkouts Full call number Barcode Date last seen Price effective from Koha item type
          Koleksioni i përgjithshem UBT - Lipjan UBT - Lipjan Koleksioni i përgjithshem 12/19/2018   721 ALB 002-3019108 12/19/2018 12/19/2018 Books
UBT Library © 2015-2024. All rights reserved University Education for Business and Technology